000 01848cam a22004814i 4500
003 PE-LiUPU
005 20250731172732.0
008 150617s1985 r 000 0 spa d
020 _a8422002825
035 _a(Sirsi) i9788422002826
040 _aPE-LiUPU
_bspa
_cPE-LiUPU
_erda
049 _aPRUA
082 0 4 _a239.08
_bB
_221
245 0 0 _aObras completas de San Agustín :
_bescritos apologéticoos (2°) la trinidad.
264 1 _aMadrid :
_bBiblioteca de Autores Cristianos,
_c1985.
300 _a819 páginas ;
_c20 centímetros.
336 _atext
_2rdacontent
337 _aunmediated
_2rdamedia
338 _avolume
_2rdacarrier
490 0 _aBiblioteca de Autores Cristianos ;
_v39
500 _aEdición bilingüe.
505 0 _aDoctrina preagustina acerca de la Trinidad -- De Trninitate -- Análisis de la obra -- La imagen de la Trinidad en el hombre -- Una mirada fija en el sol -- Nuestra versión -- Autocrítica del libro segundo de Revisiones -- Códices que contienen el tratado De Trinitate -- Tratado sobre la santísima trinidad -- Libro I hasta el libro XV.
526 _aSEG42
526 _aSEG41
526 _aSEG40
526 _aSEG39
526 _aP94
526 _aP87
526 _aP86
526 _aP85
526 _aP77
526 _aP76
526 _aP35
600 1 _aAgustín, Santo
_xObras
650 0 4 _aTrinidad.
_93711
910 _ajck
_bjvq
_cjck
_d20150616
942 _2ddc
_cBOOK
949 _a239.08 B
_wDEWEY
_c1
_i26228
_lCCODEBUL1
_mBUL
_r0
_sY
_tBOOK
_u2015-6-17
_xTEOLOGIA
_PP35
_0COMPRA
_o.STAFF. Colección General
994 _aC0
_bPEPRU
596 _a1
999 _a239.08 B 39-5
_wDEWEY
_c1688
_i26228
_f2021-11-10
_g5
_lCCODEBUL1
_mBUL
_r0
_sY
_tBOOK
_u2015-6-17
_xTEOLOGIA
_PP35
_0COMPRA
_o.STAFF. Colección Teología
_d1688
980 _81
_gALBERTO SANCHEZ Responsable de Automatización